Logic and knowledge / (Record no. 1506)

MARC details
000 -LEADER
fixed length control field 00492nam a22001697a 4500
003 - CONTROL NUMBER IDENTIFIER
control field BD-DhJNU
005 - DATE AND TIME OF LATEST TRANSACTION
control field 20250318072924.0
008 - FIXED-LENGTH DATA ELEMENTS--GENERAL INFORMATION
fixed length control field 250318b |||||||| |||| 00| 0 eng d
040 ## - CATALOGING SOURCE
Original cataloging agency BD-DhJNU
Language of cataloging ENG
Transcribing agency BD-DhJNU
Modifying agency BD-DhJNU
082 ## - DEWEY DECIMAL CLASSIFICATION NUMBER
Edition number 23
Classification number 160
245 ## - TITLE STATEMENT
Title Logic and knowledge /
Statement of responsibility, etc. Edited by Robert Charles Marsh
260 ## - PUBLICATION, DISTRIBUTION, ETC.
Place of publication, distribution, etc. London :
Name of publisher, distributor, etc. The Macmillan Company,
Date of publication, distribution, etc. 1968.
300 ## - PHYSICAL DESCRIPTION
Extent xi, 382 p. :
Dimensions 22 cm.
650 ## - SUBJECT ADDED ENTRY--TOPICAL TERM
Topical term or geographic name entry element Knowledge
700 ## - ADDED ENTRY--PERSONAL NAME
Personal name Marsh, Robert Charles
Relator term Editor
942 ## - ADDED ENTRY ELEMENTS (KOHA)
Source of classification or shelving scheme Dewey Decimal Classification
Koha item type Books
Suppress in OPAC No
Holdings
Withdrawn status Lost status Source of classification or shelving scheme Damaged status Not for loan Collection Home library Current library Shelving location Date acquired Source of acquisition Total checkouts Full call number Barcode Date last seen Copy number Price effective from Koha item type
    Dewey Decimal Classification     Non-fiction Jagannath University Central Library Jagannath University Central Library General stacks 03/18/2025 Purchased   160 LOG JNUCL8610 03/18/2025 1 03/18/2025 Books